[Event "South America-ch Rapid 1st"]
[Site "Lima"]
[Date "2023.09.17"]
[Round "6"]
[White "Vivas Zamora, Fabian Ernesto"]
[Black "Cori Tello, Deysi Estella"]
[Result "1-0"]
[WhiteElo "2346"]
[BlackElo "2367"]
[PlyCount "85"]
[EventDate "2023.09.16"]
[EventType "swiss (rapid)"]
[EventRounds "9"]
[EventCountry "PER"]
[SourceTitle "EXT 2024"]
[Source "ChessBase"]
[SourceDate "2023.10.10"]
[SourceVersion "1"]
[SourceVersionDate "2023.10.10"]
[SourceQuality "1"]

1. e4 g6 2. d4 Bg7 3. Nc3 d6 4. Be3 c6 5. Qd2 Qc7 6. a4 Nd7 7. Bc4 e6 8. Nge2 b6 9. Bf4 a6 10. h4 h6 11. Bb3 Bb7 12. Bg3 Ngf6 13. f4 c5 14. d5 c4 15. Ba2 Nc5 16. Qe3 exd5 17. exd5+ Kf8 18. Bxc4 Re8 19. Qf3 Nce4 20. Bb3 Nxc3 21. Qxc3 Qxc3+ 22. bxc3 Nxd5 23. 0-0-0 Rxe2 24. Bxd5 Bxd5 25. Rxd5 Rxg2 26. Rd3 Bf6 27. f5 gxf5 28. Bxd6+ Kg7 29. Bc7 Re8 30. Bxb6 Ree2 31. Rg1 Rxc2+ 32. Kd1 Bxh4 33. Rxg2+ Rxg2 34. c4 f4 35. c5 Rg6 36. Ke2 Be7 37. Rd7 Re6+ 38. Kf3 Bg5 39. Rd6 Re3+ 40. Kg4 f6 41. c6 Kg6 42. Bxe3 fxe3 43. c7 1-0

[Event "Titled Tuesday intern op 22nd Aug Early"]
[Site "Chess.com INT"]
[Date "2023.08.22"]
[Round "11"]
[White "Vivas Zamora, Fabian Ernesto"]
[Black "Ahmad, Khagan"]
[Result "0-1"]
[WhiteElo "2346"]
[BlackElo "2340"]
[PlyCount "50"]
[EventDate "2023.08.22"]
[EventType "swiss (blitz)"]
[EventRounds "11"]
[EventCountry "USA"]
[SourceTitle "EXT 2024"]
[Source "ChessBase"]
[SourceDate "2023.10.10"]
[SourceVersion "1"]
[SourceVersionDate "2023.10.10"]
[SourceQuality "1"]

1. e4 c5 2. Nf3 d6 3. d4 cxd4 4. Nxd4 a6 5. c4 e5 6. Nc2 Nc6 7. Nc3 Be6 8. Ne3 Nf6 9. Ned5 Bxd5 10. exd5 Nd4 11. Bd3 g6 12. Be3 Bg7 13. 0-0 0-0 14. f4 Nd7 15. f5 Nc5 16. Bxd4 exd4 17. Ne4 Nxe4 18. Bxe4 Qg5 19. Rf3 Be5 20. Qd3 Rac8 21. Raf1 b5 22. cxb5 axb5 23. Qxb5 Qh4 24. Qd3 Bxh2+ 25. Kh1 Bg3+ 0-1

[Event "Titled Tuesday intern op 08th Aug Early"]
[Site "Chess.com INT"]
[Date "2023.08.08"]
[Round "2"]
[White "Sarkar, Justin"]
[Black "Vivas Zamora, Fabian Ernesto"]
[Result "0-1"]
[WhiteElo "2288"]
[BlackElo "2346"]
[PlyCount "50"]
[EventDate "2023.08.08"]
[EventType "swiss (blitz)"]
[EventRounds "11"]
[EventCountry "USA"]
[SourceTitle "EXT 2024"]
[Source "ChessBase"]
[SourceDate "2023.10.10"]
[SourceVersion "1"]
[SourceVersionDate "2023.10.10"]
[SourceQuality "1"]

1. d4 d5 2. c4 c6 3. Nf3 Nf6 4. Nc3 e6 5. Bg5 Nbd7 6. e3 Qa5 7. Nd2 dxc4 8. Bxf6 Nxf6 9. Nxc4 Qc7 10. Be2 Be7 11. 0-0 0-0 12. Rc1 Rd8 13. Qc2 b6 14. a3 Bb7 15. b4 Rac8 16. Rfd1 Qb8 17. Bf3 Nd5 18. g3 c5 19. dxc5 Nxb4 20. axb4 Bxf3 21. Rxd8+ Rxd8 22. Nd2 Ba8 23. cxb6 Qxb6 24. b5 Bb4 25. e4 Qd4 0-1

[Event "Titled Tuesday intern op 01st Aug Early"]
[Site "Chess.com INT"]
[Date "2023.08.01"]
[Round "6"]
[White "Koshulyan, Egor A"]
[Black "Vivas Zamora, Fabian Ernesto"]
[Result "1-0"]
[WhiteElo "2136"]
[BlackElo "2346"]
[PlyCount "65"]
[EventDate "2023.08.01"]
[EventType "swiss (blitz)"]
[EventRounds "11"]
[EventCountry "USA"]
[SourceTitle "EXT 2024"]
[Source "ChessBase"]
[SourceDate "2023.10.10"]
[SourceVersion "1"]
[SourceVersionDate "2023.10.10"]
[SourceQuality "1"]

1. e4 c5 2. Nc3 d6 3. d4 cxd4 4. Qxd4 Nc6 5. Bb5 Bd7 6. Bxc6 Bxc6 7. Nf3 Nf6 8. Bg5 e6 9. 0-0-0 Be7 10. Qd3 0-0 11. Nd4 Qa5 12. f4 Rfc8 13. h4 Be8 14. Kb1 h6 15. g4 b5 16. e5 dxe5 17. fxe5 Rxc3 18. Qxc3 Qxc3 19. bxc3 hxg5 20. exf6 Bxf6 21. hxg5 Bxg5 22. Rhe1 Rc8 23. Kb2 Bf6 24. Rd3 a5 25. Nf3 b4 26. Ne5 Rc5 27. Rde3 bxc3+ 28. Kb3 Bc6 29. Rxc3 Bd5+ 30. Kb2 Rb5+ 31. Kc1 Bxa2 32. Rc8+ Kh7 33. Rh1+ 1-0